[Event "Leipzig VfB op 25th"]
[Site "Leipzig"]
[Date "2018.03.22"]
[Round "5"]
[White "Pauscher, Wolfgang"]
[Black "Schulz, Toni1111"]
[Result "0-1"]
[WhiteElo "1809"]
[BlackElo "1887"]
[PlyCount "66"]
[EventDate "2018.03.20"]
[EventType "swiss"]
[EventRounds "9"]
[EventCountry "GER"]
[SourceTitle "CBM 183 Extra"]
[Source "ChessBase"]
[SourceDate "2018.04.19"]
[SourceVersion "1"]
[SourceVersionDate "2018.04.19"]
[SourceQuality "1"]

1. e4 d5 2. exd5 Qxd5 3. Nc3 Qa5 4. d4 c6 5. Nf3 Nf6 6. Bd2 Bf5 7. Ne4 Qc7 8. Nxf6+ gxf6 9. Bc4 Nd7 10. Qe2 e6 11. 0-0-0 0-0-0 12. Bc3 Rg8 13. g3 Bg4 14. h3 Bh5 15. Kb1 f5 16. Rde1 Bg7 17. Qe3 Nb6 18. Bb3 Bxf3 19. Qxf3 Bxd4 20. Bxd4 Rxd4 21. Qh5 Rh8 22. Qh6 Qd7 23. c3 Rd2 24. Kc1 Rxf2 25. Rxe6 Nd5 26. Rd6 Qe7 27. Bxd5 cxd5 28. Rxd5 Qe4 29. Rd2 Qxh1+ 30. Rd1 Qe4 31. Rd2 Rf1+ 32. Rd1 Rxd1+ 33. Kxd1 Rd8+ 0-1

[Event "Leipzig VfB op 19th"]
[Site "Leipzig"]
[Date "2012.03.11"]
[Round "9"]
[White "Pauscher, Wolfgang"]
[Black "Pohl, Gunnar"]
[Result "0-1"]
[WhiteElo "1815"]
[BlackElo "1919"]
[PlyCount "132"]
[EventDate "2012.03.06"]
[EventType "swiss"]
[EventRounds "9"]
[EventCountry "GER"]
[SourceTitle "CBM 147 Extra"]
[Source "ChessBase"]
[SourceDate "2012.04.24"]
[SourceVersion "1"]
[SourceVersionDate "2012.04.24"]
[SourceQuality "1"]

1. e4 c6 2. d4 d5 3. Nc3 dxe4 4. Nxe4 Bf5 5. Ng3 Bg6 6. h4 h6 7. Nf3 Nd7 8. h5 Bh7 9. Bd3 Bxd3 10. Qxd3 Qc7 11. Bd2 Ngf6 12. 0-0-0 0-0-0 13. Ne4 e6 14. Nxf6 Nxf6 15. Qe2 c5 16. Bc3 Nd5 17. Qc4 Nxc3 18. Qxc3 Bd6 19. Rh4 cxd4 20. Qxc7+ Bxc7 21. Rhxd4 Bb6 22. Rxd8+ Rxd8 23. Rxd8+ Kxd8 24. Ne5 f6 25. Nd3 Kd7 26. Kd2 e5 27. f3 Ke6 28. g4 Kd5 29. c3 Ke6 30. Ke2 f5 31. c4 Bd4 32. b4 Kf6 33. Nc5 Bxc5 34. bxc5 Kg5 35. a4 a6 36. Ke3 fxg4 37. fxg4 Kxg4 38. Ke4 Kxh5 39. Kxe5 g5 40. Kd6 g4 41. Kc7 g3 42. Kxb7 g2 43. c6 g1Q 44. c7 Qg2+ 45. Kb8 Qg3 46. Kb7 Qf3+ 47. Kb8 Qf4 48. Kb7 Qe4+ 49. Kb8 Qe5 50. Kb7 Qe4+ 51. Kb8 Qf4 52. Kb7 Qf3+ 53. Kb8 Qb3+ 54. Ka7 Qxc4 55. Kb7 Qb4+ 56. Ka7 Qc5+ 57. Kb7 Qd5+ 58. Kb8 Qd6 59. Kb7 Qd7 60. Kb8 Kg6 61. c8Q Qxc8+ 62. Kxc8 h5 63. Kb7 h4 64. Kxa6 h3 65. Kb6 h2 66. a5 h1Q 0-1

[Event "Leipzig VfB op 19th"]
[Site "Leipzig"]
[Date "2012.03.10"]
[Round "8"]
[White "Bodzyn, Karsten"]
[Black "Pauscher, Wolfgang"]
[Result "1/2-1/2"]
[WhiteElo "1912"]
[BlackElo "1815"]
[PlyCount "58"]
[EventDate "2012.03.06"]
[EventType "swiss"]
[EventRounds "9"]
[EventCountry "GER"]
[SourceTitle "CBM 147 Extra"]
[Source "ChessBase"]
[SourceDate "2012.04.24"]
[SourceVersion "1"]
[SourceVersionDate "2012.04.24"]
[SourceQuality "1"]

1. c4 c6 2. g3 d5 3. Bg2 dxc4 4. Na3 Nf6 5. Nxc4 g6 6. Nf3 Bg7 7. 0-0 0-0 8. d4 Nbd7 9. Re1 Nb6 10. Nce5 Ng4 11. Qc2 Nxe5 12. dxe5 Bg4 13. Bf4 Bxf3 14. Bxf3 e6 15. Red1 Qe7 16. Rd2 Rfd8 17. Rad1 Nd5 18. Bxd5 cxd5 19. e4 dxe4 20. Qxe4 Rxd2 21. Rxd2 Rc8 22. Rd6 Rb8 23. Qd4 a6 24. Rd7 Qe8 25. Qd6 b6 26. Qc7 Rc8 27. Re7 Qf8 28. Qd7 Rd8 29. Qc7 Rc8 1/2-1/2

[Event "Leipzig VfB op 19th"]
[Site "Leipzig"]
[Date "2012.03.10"]
[Round "7"]
[White "Pauscher, Wolfgang"]
[Black "Haensel, Mathias"]
[Result "1-0"]
[WhiteElo "1815"]
[BlackElo "1549"]
[PlyCount "85"]
[EventDate "2012.03.06"]
[EventType "swiss"]
[EventRounds "9"]
[EventCountry "GER"]
[SourceTitle "CBM 147 Extra"]
[Source "ChessBase"]
[SourceDate "2012.04.24"]
[SourceVersion "1"]
[SourceVersionDate "2012.04.24"]
[SourceQuality "1"]

1. e4 e6 2. d4 d5 3. Nc3 Bb4 4. e5 c5 5. a3 cxd4 6. axb4 dxc3 7. bxc3 Ne7 8. f4 Ng6 9. Nf3 Nc6 10. Bd3 Bd7 11. 0-0 0-0 12. Be3 f6 13. Bxg6 hxg6 14. exf6 Qxf6 15. Qd2 b5 16. Bc5 Rfe8 17. Bd6 a5 18. Be5 Qe7 19. bxa5 Rxa5 20. Rxa5 Nxa5 21. Qf2 Rc8 22. Ng5 Kf8 23. Qh4 Ke8 24. Qh7 Rxc3 25. Qxg6+ Kd8 26. Bxc3 Qc5+ 27. Kh1 Qxc3 28. Nxe6+ Bxe6 29. Qxe6 Qc4 30. Re1 Nc6 31. Qg8+ Kc7 32. Qxg7+ Kb6 33. f5 Qxc2 34. f6 Qf2 35. Ra1 Qd4 36. Rg1 Nb4 37. Rc1 Ka5 38. Qc7+ Ka4 39. f7 Qf6 40. Qa7+ Kb3 41. Qe3+ Kb2 42. Qd2+ Kb3 43. Rb1+ 1-0

[Event "Leipzig VfB op 18th"]
[Site "Leipzig"]
[Date "2011.03.24"]
[Round "4"]
[White "Pauscher, Wolfgang"]
[Black "Reinsdorf, Christin"]
[Result "1-0"]
[WhiteElo "1825"]
[BlackElo "1706"]
[PlyCount "103"]
[EventDate "2011.03.20"]
[EventType "swiss"]
[EventRounds "9"]
[EventCountry "GER"]
[SourceTitle "CBM 141 Extra"]
[Source "ChessBase"]
[SourceDate "2011.05.03"]
[SourceVersion "1"]
[SourceVersionDate "2011.05.03"]
[SourceQuality "1"]

1. e4 c6 2. d4 d5 3. Nc3 dxe4 4. Nxe4 Bf5 5. Ng3 Bg6 6. h4 h6 7. Nf3 Nd7 8. h5 Bh7 9. Bd3 Bxd3 10. Qxd3 e6 11. Bd2 Ngf6 12. 0-0-0 Qc7 13. Ne4 Nxe4 14. Qxe4 Nf6 15. Qe2 Bd6 16. g3 0-0-0 17. c4 c5 18. Bc3 Rhe8 19. Kb1 Kb8 20. Rh4 Rd7 21. dxc5 Qxc5 22. Rhd4 Red8 23. Rxd6 Rxd6 24. Rxd6 Rxd6 25. Be5 Kc8 26. Bxd6 Qxd6 27. Ne5 Qc7 28. f4 Kd8 29. g4 Ke7 30. b3 Qd6 31. Qf3 Qb6 32. Qg2 Nd7 33. Nxd7 Kxd7 34. g5 Qc6 35. Qd2+ Qd6 36. Kc2 Qxd2+ 37. Kxd2 Kd6 38. b4 f6 39. gxf6 gxf6 40. Ke3 e5 41. Ke4 Ke6 42. fxe5 fxe5 43. c5 Kf6 44. b5 Ke6 45. a4 b6 46. c6 Kd6 47. Kf5 a5 48. Ke4 Ke6 49. c7 Kd7 50. Kxe5 Kxc7 51. Ke6 Kc8 52. Kd6 1-0

[Event "Leipzig VfB op 16th"]
[Site "Leipzig"]
[Date "2009.04.05"]
[Round "9"]
[White "Ziese, Gerhard"]
[Black "Pauscher, Wolfgang"]
[Result "1-0"]
[WhiteElo "2030"]
[BlackElo "1842"]
[PlyCount "119"]
[EventDate "2009.03.31"]
[EventType "swiss"]
[EventRounds "9"]
[EventCountry "GER"]
[SourceTitle "EXT 2010"]
[Source "ChessBase"]
[SourceDate "2010.11.25"]
[SourceVersion "1"]
[SourceVersionDate "2010.11.25"]
[SourceQuality "1"]

1. d4 d5 2. c4 c6 3. Nf3 e6 4. Nc3 dxc4 5. a4 Bb4 6. e3 b5 7. Bd2 a5 8. axb5 Bxc3 9. Bxc3 cxb5 10. b3 Bb7 11. bxc4 b4 12. Bb2 Nf6 13. Bd3 0-0 14. 0-0 Nbd7 15. Re1 Be4 16. Be2 Qc7 17. Nd2 Bb7 18. Bd3 e5 19. f3 Rfe8 20. Bc2 e4 21. f4 Nb6 22. Bb3 Qd7 23. c5 Nbd5 24. Nc4 Qc7 25. Ne5 Nd7 26. Ba4 Nxe5 27. fxe5 Re6 28. Qb3 Bc6 29. Bxc6 Qxc6 30. Ra4 Re7 31. Rea1 Rea7 32. Kf2 Kf8 33. Qc2 Ne7 34. Bc1 Qd5 35. Bd2 Nc6 36. g4 Ra6 37. Kg3 h6 38. h4 Kg8 39. h5 Nxe5 40. dxe5 Qxe5+ 41. Kg2 Rf6 42. Rf1 Rxf1 43. Kxf1 Ra6 44. Be1 b3 45. Qxb3 Rf6+ 46. Ke2 Qxc5 47. Rxe4 Rb6 48. Qd3 Qc6 49. Bxa5 Rb2+ 50. Bd2 Ra2 51. Qc4 Qa8 52. Kd3 Ra3+ 53. Bc3 Qd8+ 54. Qd4 Qxd4+ 55. exd4 f6 56. d5 Ra7 57. Bb4 Kf7 58. d6 Rd7 59. Re7+ Rxe7 60. dxe7 1-0

[Event "Leipzig VfB op 16th"]
[Site "Leipzig"]
[Date "2009.04.02"]
[Round "5"]
[White "Pauscher, Wolfgang"]
[Black "Schindler, Christian"]
[Result "0-1"]
[WhiteElo "1842"]
[BlackElo "2142"]
[PlyCount "70"]
[EventDate "2009.03.31"]
[EventType "swiss"]
[EventRounds "9"]
[EventCountry "GER"]
[SourceTitle "EXT 2010"]
[Source "ChessBase"]
[SourceDate "2010.11.25"]
[SourceVersion "1"]
[SourceVersionDate "2010.11.25"]
[SourceQuality "1"]

1. e4 Nf6 2. e5 Nd5 3. d4 d6 4. Nf3 Bg4 5. Be2 c6 6. c4 Nb6 7. Qd3 dxe5 8. dxe5 Qxd3 9. Bxd3 N8d7 10. Bf4 Nc5 11. Be2 Ne6 12. Bg3 Bxf3 13. gxf3 Nd4 14. Na3 e6 15. Rc1 Bb4+ 16. Kf1 Nxe2 17. Kxe2 Bxa3 18. bxa3 0-0-0 19. Bf4 Rd4 20. c5 Rxf4 21. cxb6 axb6 22. Rhg1 g6 23. Rg4 Rxg4 24. fxg4 Kc7 25. Rc3 b5 26. Rf3 Rf8 27. g5 Kd7 28. Rf4 Ke7 29. a4 Ra8 30. axb5 Rxa2+ 31. Kf3 Ra3+ 32. Kg2 Ra5 33. bxc6 Rxe5 34. cxb7 Rxg5+ 35. Kf3 Rb5 0-1

[Event "Leipzig VfB op 16th"]
[Site "Leipzig"]
[Date "2009.04.01"]
[Round "2"]
[White "Ohme, Markus"]
[Black "Pauscher, Wolfgang"]
[Result "0-1"]
[WhiteElo "1399"]
[BlackElo "1842"]
[PlyCount "32"]
[EventDate "2009.03.31"]
[EventType "swiss"]
[EventRounds "9"]
[EventCountry "GER"]
[SourceTitle "EXT 2010"]
[Source "ChessBase"]
[SourceDate "2010.11.25"]
[SourceVersion "1"]
[SourceVersionDate "2010.11.25"]
[SourceQuality "1"]

1. e4 c5 2. Nf3 Nc6 3. d4 cxd4 4. Nxd4 e5 5. Nb5 a6 6. Nd6+ Bxd6 7. Qxd6 Qf6 8. Qc5 Qg6 9. Nc3 d6 10. Qc4 Be6 11. Qd3 Nf6 12. a3 d5 13. exd5 Bf5 14. Qc4 Nd4 15. Qa4+ Bd7 16. Bd3 Qxg2 0-1

[Event "Leipzig VfB op 16th"]
[Site "Leipzig"]
[Date "2009.03.31"]
[Round "1"]
[White "Pauscher, Wolfgang"]
[Black "Lubbe, Melanie"]
[Result "0-1"]
[WhiteElo "1842"]
[BlackElo "2242"]
[PlyCount "64"]
[EventDate "2009.03.31"]
[EventType "swiss"]
[EventRounds "9"]
[EventCountry "GER"]
[SourceTitle "EXT 2010"]
[Source "ChessBase"]
[SourceDate "2010.11.25"]
[SourceVersion "1"]
[SourceVersionDate "2010.11.25"]
[SourceQuality "1"]

1. e4 c5 2. Nf3 e6 3. d4 cxd4 4. Nxd4 a6 5. Nc3 b5 6. Be3 Bb7 7. Bd3 d6 8. 0-0 Nf6 9. Qf3 Nbd7 10. a3 Be7 11. Qg3 0-0 12. Bh6 Ne8 13. Be3 Rc8 14. f4 Qc7 15. Nf3 Qb8 16. Qh3 Nc5 17. Bxc5 dxc5 18. Ne5 Nf6 19. g4 Qc7 20. g5 Nd7 21. g6 hxg6 22. Nxg6 fxg6 23. Qxe6+ Rf7 24. Qxg6 c4 25. Be2 Rf6 26. Qg5 Qc5+ 27. Qxc5 Bxc5+ 28. Kh1 Rcf8 29. Rad1 Nb6 30. Bg4 Rxf4 31. Be6+ Kh7 32. Bf5+ R4xf5 0-1

[Event "Leipzig VfB op 15th"]
[Site "Leipzig"]
[Date "2008.02.27"]
[Round "2"]
[White "Pauscher, Wolfgang"]
[Black "Grakovitch, Rudolf"]
[Result "1-0"]
[WhiteElo "1845"]
[BlackElo "1449"]
[PlyCount "111"]
[EventDate "2008.02.26"]
[EventType "swiss"]
[EventRounds "9"]
[EventCountry "GER"]
[SourceTitle "CBM 123 Extra"]
[Source "ChessBase"]
[SourceDate "2008.05.06"]
[SourceVersion "1"]
[SourceVersionDate "2008.05.06"]
[SourceQuality "1"]

1. e4 c5 2. Nf3 d6 3. d4 cxd4 4. Nxd4 a6 5. Nc3 e6 6. Bc4 Be7 7. 0-0 Bd7 8. Be3 b5 9. Bb3 Nc6 10. Nce2 Na5 11. Ng3 Nxb3 12. Nxb3 e5 13. Qd2 Nf6 14. Rad1 Be6 15. f4 Bc4 16. Rfe1 Ng4 17. fxe5 Nxe5 18. Nf5 0-0 19. Nxe7+ Qxe7 20. Qxd6 Qxd6 21. Rxd6 Rfe8 22. h3 Bxb3 23. axb3 Re6 24. Red1 h6 25. Rxe6 fxe6 26. Rd6 Kf7 27. Bd4 Kf6 28. Rd7 b4 29. c4 bxc3 30. bxc3 Rb8 31. b4 Rb5 32. Ra7 Kg6 33. Rxa6 Nc4 34. Rxe6+ Kh7 35. Re7 Rg5 36. b5 h5 37. b6 Rb5 38. Rxg7+ Kh6 39. b7 Nd6 40. Re7 Nxb7 41. Re6+ Kh7 42. Re5 Rb1+ 43. Kf2 Kg6 44. h4 Nd8 45. Rg5+ Kh6 46. Be3 Kh7 47. Rxh5+ Kg6 48. Rc5 Ne6 49. Rc6 Kf7 50. h5 Rb2+ 51. Kf3 Rb5 52. g4 Ke7 53. h6 Rb8 54. g5 Kd7 55. Ra6 Rf8+ 56. Kg4 1-0

[Event "Leipzig VfB op 14th"]
[Site "Leipzig"]
[Date "2007.03.24"]
[Round "7"]
[White "Pauscher, Wolfgang"]
[Black "Richter, Steffen"]
[Result "1/2-1/2"]
[WhiteElo "1813"]
[BlackElo "2075"]
[PlyCount "84"]
[EventDate "2007.03.20"]
[EventType "swiss"]
[EventRounds "9"]
[EventCountry "GER"]
[SourceTitle "EXT 2008"]
[Source "ChessBase"]
[SourceDate "2007.11.25"]
[SourceVersion "1"]
[SourceVersionDate "2007.11.25"]
[SourceQuality "1"]

1. e4 c5 2. Nf3 d6 3. d4 cxd4 4. Nxd4 Nf6 5. Nc3 a6 6. Bc4 e6 7. Bb3 b5 8. 0-0 Be7 9. Qf3 Bb7 10. Bxe6 0-0 11. Bd5 Nxd5 12. Nxd5 Bxd5 13. exd5 Bf6 14. Be3 Qc7 15. c3 Nd7 16. Nc6 Rfe8 17. Rfd1 Rac8 18. Bd4 h6 19. a4 Ra8 20. Qd3 Qb7 21. a5 Ne5 22. Bxe5 Bxe5 23. Re1 Bf6 24. Kf1 Qc7 25. Rxe8+ Rxe8 26. Re1 Rxe1+ 27. Kxe1 Qd7 28. Qe4 g6 29. h3 Kg7 30. Qd3 Qc8 31. b3 h5 32. c4 bxc4 33. bxc4 Qb7 34. Qc2 Kf8 35. Kf1 Kg7 36. g3 Kf8 37. c5 Qb5+ 38. Qe2 Qxc5 39. Qxa6 Qxd5 40. Kg1 h4 41. Qc8+ Kg7 42. a6 Qd1+ 1/2-1/2

[Event "Leipzig VfB op 14th"]
[Site "Leipzig"]
[Date "2007.03.23"]
[Round "6"]
[White "Pauscher, Wolfgang"]
[Black "Gleichmann, Matthias"]
[Result "0-1"]
[WhiteElo "1813"]
[BlackElo "2069"]
[PlyCount "122"]
[EventDate "2007.03.20"]
[EventType "swiss"]
[EventRounds "9"]
[EventCountry "GER"]
[SourceTitle "EXT 2008"]
[Source "ChessBase"]
[SourceDate "2007.11.25"]
[SourceVersion "1"]
[SourceVersionDate "2007.11.25"]
[SourceQuality "1"]

1. e4 e6 2. d4 d5 3. Nc3 Bb4 4. e5 c5 5. a3 Bxc3+ 6. bxc3 Qc7 7. Qg4 f5 8. Qg3 cxd4 9. cxd4 Ne7 10. Bd2 0-0 11. Bd3 b6 12. Nf3 Ba6 13. Bxa6 Nxa6 14. c3 Nb8 15. 0-0 Nbc6 16. Ng5 Qd7 17. Qh4 h6 18. Nh3 Ng6 19. Qg3 Qf7 20. f4 Na5 21. Nf2 Rfc8 22. Nd1 Nf8 23. Ne3 Nb3 24. Rad1 Nxd2 25. Rxd2 Rxc3 26. Ra1 Rac8 27. Qf2 Rc1+ 28. Rd1 Rxa1 29. Rxa1 Qc7 30. Qd2 Ng6 31. g3 Ne7 32. Kf2 Qc3 33. Qxc3 Rxc3 34. Ke2 Nc6 35. Kd2 Rb3 36. Nc2 Na5 37. Ne3 Rb2+ 38. Nc2 Nb3+ 39. Kc3 Nxa1 40. Kxb2 Nxc2 41. Kxc2 g5 42. Kb3 gxf4 43. gxf4 a6 44. Kb4 Kf7 45. a4 Kg6 46. a5 b5 47. Kc5 Kh5 48. Kd6 b4 49. Kxe6 b3 50. Kf7 b2 51. e6 b1Q 52. e7 Qe4 53. e8Q Qxe8+ 54. Kxe8 Kg4 55. Kd7 Kxf4 56. Kc6 Ke4 57. Kb6 f4 58. Kxa6 f3 59. Kb7 f2 60. a6 f1Q 61. a7 Qa1 0-1

[Event "Leipzig VfB op 13th"]
[Site "Leipzig"]
[Date "2006.03.18"]
[Round "7"]
[White "Pauscher, Wolfgang"]
[Black "Grosse, Marcus"]
[Result "0-1"]
[WhiteElo "1685"]
[BlackElo "1886"]
[PlyCount "46"]
[EventDate "2006.03.14"]
[EventType "swiss"]
[EventRounds "9"]
[EventCountry "GER"]
[SourceTitle "EXT 2008"]
[Source "ChessBase"]
[SourceDate "2007.11.25"]
[SourceVersion "1"]
[SourceVersionDate "2007.11.25"]
[SourceQuality "1"]

1. e4 c5 2. Nf3 d6 3. d4 cxd4 4. Nxd4 Nf6 5. Nc3 g6 6. Be3 Bg7 7. f3 0-0 8. Qd2 Nc6 9. Bc4 Bd7 10. h4 Rc8 11. Bb3 h5 12. 0-0-0 Nxd4 13. Bxd4 b5 14. Nd5 Nxd5 15. Bxg7 Kxg7 16. Bxd5 Qc7 17. Rh2 a5 18. a3 b4 19. axb4 axb4 20. g4 Qa5 21. Kb1 Ra8 22. Bxa8 Rxa8 23. c3 b3 0-1

[Event "Leipzig VfB op 13th"]
[Site "Leipzig"]
[Date "2006.03.16"]
[Round "5"]
[White "Pauscher, Wolfgang"]
[Black "Wang, Zhangxian"]
[Result "0-1"]
[WhiteElo "1685"]
[BlackElo "1998"]
[PlyCount "132"]
[EventDate "2006.03.14"]
[EventType "swiss"]
[EventRounds "9"]
[EventCountry "GER"]
[SourceTitle "EXT 2008"]
[Source "ChessBase"]
[SourceDate "2007.11.25"]
[SourceVersion "1"]
[SourceVersionDate "2007.11.25"]
[SourceQuality "1"]

1. e4 c6 2. d4 d5 3. Nc3 dxe4 4. Nxe4 Nf6 5. Nxf6+ gxf6 6. c3 Bf5 7. Bc4 e6 8. Ne2 Bd6 9. Ng3 Bg6 10. Qe2 Nd7 11. Ne4 Bc7 12. 0-0 Qe7 13. f4 Bxe4 14. Qxe4 f5 15. Qe1 Nf6 16. Bd3 Rg8 17. Be3 Rg7 18. Rf3 0-0-0 19. Rg3 Rdg8 20. Rxg7 Rxg7 21. Rc1 Nd5 22. Qf2 Qd6 23. Rf1 Rg4 24. g3 Nf6 25. Be2 Rg7 26. Bf3 Bd8 27. Qe2 Ng4 28. Bf2 h5 29. Bg2 h4 30. Be1 hxg3 31. Bxg3 Bb6 32. b4 Bc7 33. Rd1 Rh7 34. a3 Qf8 35. Bf3 Qg7 36. Bxg4 Qxg4 37. Qxg4 fxg4 38. c4 Bb6 39. Kg2 Rh5 40. Kf2 Bd8 41. Ke3 Bh4 42. Ke4 Bxg3 43. hxg3 Rh3 44. Rd3 Rh1 45. Ke5 Rf1 46. Ke4 Kd7 47. c5 Rg1 48. Re3 Rg2 49. Ke5 Rf2 50. Ke4 f5+ 51. Kd3 Ra2 52. Kc4 Rf2 53. Kd3 b5 54. Kc3 Ke7 55. Rd3 Re2 56. Kb3 Kd7 57. Kc3 Kc7 58. Kb3 Kb7 59. a4 bxa4+ 60. Kxa4 Ka6 61. Kb3 Kb5 62. Kc3 Rf2 63. Re3 Rf3 64. Kd3 Rxe3+ 65. Kxe3 Kxb4 66. Kd3 a5 0-1

[Event "Leipzig VfB op 11th"]
[Site "Leipzig"]
[Date "2004.03.17"]
[Round "2"]
[White "Boehme, Sebastian"]
[Black "Pauscher, Wolfgang"]
[Result "1-0"]
[WhiteElo "1474"]
[BlackElo "1675"]
[PlyCount "79"]
[EventDate "2004.03.16"]
[EventType "swiss"]
[EventRounds "9"]
[EventCountry "GER"]
[SourceTitle "EXT 2007"]
[Source "ChessBase"]
[SourceDate "2006.11.23"]
[SourceVersion "1"]
[SourceVersionDate "2006.11.23"]
[SourceQuality "1"]

1. d4 d5 2. Nf3 Nf6 3. Bf4 Bf5 4. c4 c6 5. e3 Qb6 6. Qc1 e6 7. Be2 Bxb1 8. Rxb1 Bb4+ 9. Kf1 a5 10. c5 Qd8 11. a3 Na6 12. Bxa6 Rxa6 13. axb4 axb4 14. Ra1 0-0 15. Rxa6 bxa6 16. Qa1 Qa8 17. Bd6 Rc8 18. Qa5 Ne4 19. Bc7 g5 20. Ke2 Qb7 21. Bb6 Nf6 22. Ne5 b3 23. Ra1 Ra8 24. Qa4 Rc8 25. Qxa6 Qb8 26. Qa7 Qxa7 27. Rxa7 Ne8 28. Rxf7 Ra8 29. Ra7 Rc8 30. Kd2 Nf6 31. f3 Ne8 32. Kc3 Ng7 33. Rd7 Nf5 34. Rd8+ Rxd8 35. Bxd8 Nxe3 36. Bxg5 Nxg2 37. Kd2 Kg7 38. Ke2 h6 39. Kf2 hxg5 40. Kxg2 1-0

[Event "Leipzig VfB op 11th"]
[Site "Leipzig"]
[Date "2004.03.17"]
[Round "3"]
[White "Pauscher, Wolfgang"]
[Black "Schmiedek, Jens"]
[Result "1-0"]
[WhiteElo "1675"]
[BlackElo "1500"]
[PlyCount "69"]
[EventDate "2004.03.16"]
[EventType "swiss"]
[EventRounds "9"]
[EventCountry "GER"]
[SourceTitle "EXT 2007"]
[Source "ChessBase"]
[SourceDate "2006.11.23"]
[SourceVersion "1"]
[SourceVersionDate "2006.11.23"]
[SourceQuality "1"]

1. e4 c6 2. d4 d5 3. Nc3 dxe4 4. Nxe4 Nd7 5. Bc4 e6 6. Nf3 Ngf6 7. Ng3 Be7 8. Qe2 0-0 9. Bd2 Nd5 10. c3 b5 11. Bd3 N7f6 12. Ne5 Qc7 13. 0-0 Bd6 14. Nh5 Bxe5 15. dxe5 Nxh5 16. Qxh5 f5 17. exf6 Nxf6 18. Qe2 a5 19. Rfe1 Qd6 20. Bg5 Ra7 21. Rad1 Qc5 22. Be3 Qe7 23. Bxa7 Qxa7 24. Bc2 e5 25. Qe3 Qxe3 26. Rxe3 Ng4 27. Bb3+ Kh8 28. Rf3 Nf6 29. Rfd3 Bd7 30. Rxd7 Nxd7 31. Rxd7 a4 32. Bc2 Kg8 33. Be4 Rf6 34. Rc7 Rd6 35. g3 1-0